<?xml version="1.0" encoding="UTF-8"?>
<record
    xmlns:xsi="http://www.w3.org/2001/XMLSchema-instance"
    xsi:schemaLocation="http://www.loc.gov/MARC21/slim http://www.loc.gov/standards/marcxml/schema/MARC21slim.xsd"
    xmlns="http://www.loc.gov/MARC21/slim">

  <leader>01298nam a2200277 u 4500</leader>
  <controlfield tag="001">000009159</controlfield>
  <controlfield tag="003">DO-SdBNP</controlfield>
  <controlfield tag="005">20250409153051.0</controlfield>
  <controlfield tag="008">090928s2006    dr ac         000 0 spa d</controlfield>
  <datafield tag="020" ind1=" " ind2=" ">
    <subfield code="a">9591011601</subfield>
  </datafield>
  <datafield tag="040" ind1=" " ind2=" ">
    <subfield code="a">DO-SdBNP</subfield>
    <subfield code="b">SPA</subfield>
    <subfield code="c">BNPHU</subfield>
  </datafield>
  <datafield tag="082" ind1=" " ind2=" ">
    <subfield code="a">299.674</subfield>
    <subfield code="b">C117m</subfield>
  </datafield>
  <datafield tag="100" ind1="1" ind2=" ">
    <subfield code="a">Cabrera, Lydia</subfield>
    <subfield code="d">1899-1991</subfield>
    <subfield code="9">23831</subfield>
  </datafield>
  <datafield tag="245" ind1="1" ind2="3">
    <subfield code="a">El monte /</subfield>
    <subfield code="c">Lydia Cabrera ; edici&#xF3;n Georgina P&#xE9;rez Palmes.</subfield>
  </datafield>
  <datafield tag="260" ind1=" " ind2=" ">
    <subfield code="a">La Habana (Cuba) :</subfield>
    <subfield code="b">Letras Cubanas,</subfield>
    <subfield code="c">2006.</subfield>
  </datafield>
  <datafield tag="300" ind1=" " ind2=" ">
    <subfield code="a">606 p. :</subfield>
    <subfield code="b">il. retrs. ;</subfield>
    <subfield code="c">21 cm.</subfield>
  </datafield>
  <datafield tag="500" ind1=" " ind2=" ">
    <subfield code="a">La biblioteca posee la reimpresi&#xF3;n del 1996</subfield>
  </datafield>
  <datafield tag="505" ind1="0" ind2=" ">
    <subfield code="a">Abriendo monte -- -</subfield>
    <subfield code="t">Al lector --</subfield>
    <subfield code="t">El monte --</subfield>
    <subfield code="t">Bilongo --</subfield>
    <subfield code="t">Oluwa ew&#xE9;: el due&#xF1;o del monte --</subfield>
    <subfield code="t">El tributo al due&#xF1;o del monte --</subfield>
    <subfield code="t">C&#xF3;mo se prepara una nganga --</subfield>
    <subfield code="t">C&#xF3;mo se prepara un zarabanda --</subfield>
    <subfield code="t">La sant&#xED;sima piedra im&#xE1;n --</subfield>
    <subfield code="t">La piedra india --</subfield>
    <subfield code="t">El tesoro m&#xE1;gico y medicinal de Osain y Tata Nfindo --</subfield>
    <subfield code="t">La Ceiba --</subfield>
    <subfield code="t">Ukano Becons&#xED; --</subfield>
    <subfield code="t">La palma real -</subfield>
    <subfield code="t">Ukano Mambre --</subfield>
    <subfield code="t">&#xCD;ndice de plantas --</subfield>
    <subfield code="t">Testimonio fotogr&#xE1;fico</subfield>
  </datafield>
  <datafield tag="650" ind1=" " ind2="4">
    <subfield code="a">Santer&#xED;a</subfield>
    <subfield code="z">Cuba</subfield>
    <subfield code="9">23832</subfield>
  </datafield>
  <datafield tag="650" ind1=" " ind2="4">
    <subfield code="a">Negros</subfield>
    <subfield code="z">Cuba</subfield>
    <subfield code="x">Religi&#xF3;n</subfield>
    <subfield code="9">23833</subfield>
  </datafield>
  <datafield tag="650" ind1=" " ind2="4">
    <subfield code="a">Negros</subfield>
    <subfield code="z">Cuba</subfield>
    <subfield code="x">Folclor</subfield>
    <subfield code="9">23834</subfield>
  </datafield>
  <datafield tag="651" ind1=" " ind2="4">
    <subfield code="a">Cuba</subfield>
    <subfield code="x">Religi&#xF3;n</subfield>
    <subfield code="9">23835</subfield>
  </datafield>
  <datafield tag="700" ind1="1" ind2="2">
    <subfield code="a">P&#xE9;rez Palm&#xE9;s, Georgina</subfield>
    <subfield code="e">ed.</subfield>
    <subfield code="9">23836</subfield>
  </datafield>
  <datafield tag="910" ind1=" " ind2=" ">
    <subfield code="a">Validado. Control de calidad MFF</subfield>
  </datafield>
  <datafield tag="942" ind1=" " ind2=" ">
    <subfield code="2">ddc</subfield>
    <subfield code="c">LBS1</subfield>
  </datafield>
  <datafield tag="952" ind1=" " ind2=" ">
    <subfield code="0">0</subfield>
    <subfield code="1">0</subfield>
    <subfield code="5">2</subfield>
    <subfield code="7">0</subfield>
    <subfield code="8">PD</subfield>
    <subfield code="a">PD</subfield>
    <subfield code="b">PD</subfield>
    <subfield code="c">CT</subfield>
    <subfield code="d">2009-09-28</subfield>
    <subfield code="i">LF1</subfield>
    <subfield code="l">0</subfield>
    <subfield code="o">299.674 C117m</subfield>
    <subfield code="p">9159-10</subfield>
    <subfield code="r">2020-06-25</subfield>
    <subfield code="w">2020-06-25</subfield>
    <subfield code="y">LFPD</subfield>
    <subfield code="Z">Pr&#xE9;stamo interno</subfield>
  </datafield>
  <datafield tag="999" ind1=" " ind2=" ">
    <subfield code="c">8923</subfield>
    <subfield code="d">8923</subfield>
  </datafield>
</record>
